Dante Alighieri. Su vida y su obra.
Uloženo v:
| Hlavní autor: | |
|---|---|
| Médium: | Neznámo |
| Jazyk: | angličtina |
| Vydáno: |
Madrid, España:
Archivos Vola,
2021
|
| Témata: | |
| Tagy: |
Přidat tag
Žádné tagy, Buďte první, kdo vytvoří štítek k tomuto záznamu!
|
MARC
| LEADER | 00000 a2200000 4500 | ||
|---|---|---|---|
| 003 | CL-VaPUC | ||
| 005 | 20230120105601.0 | ||
| 008 | 220323b2021 ||||| |||| 00| 0 eng d | ||
| 999 | |c 434995 |d 434993 | ||
| 020 | |a 978-84-121708-9-4 | ||
| 040 | |c Pontificia Universidad Católica de Valparaíso | ||
| 082 | 7 | |a 851.1 BOC 2021 |2 22 | |
| 100 | 1 | |a Boccaccio, Giovanni, |9 856575 |d 1313-1375. |e autor | |
| 245 | 1 | |a Dante Alighieri. |b Su vida y su obra. | |
| 260 | |a Madrid, España: |b Archivos Vola, |c 2021 | ||
| 300 | |a 67 páginas | ||
| 583 | |k Cristina María Rojas Aguilar |c 20220323 | ||
| 600 | |a Alighieri, Dante |d 1265-1321 |x Biografías |9 880014 | ||
| 650 | 0 | |a Poetas italianos |9 375878 | |
| 942 | |2 ddc |c BK | ||
| 952 | |0 0 |1 0 |2 ddc |4 0 |6 851_100000000000000_BOC_2021 |7 0 |8 A |9 582063 |a BIBART |b BIBART |c GEN |d 2022-03-22 |e 135 |g 10500.00 |i 5650309 |o 851.1 BOC 2021 |p 5650309 |r 2025-03-13 |t 1 |v 10500.00 |w 2022-03-22 |y BK |k ART | ||